Victorian Towns over 1000 People - Statistics

General Stats
  • This quiz has been taken 495 times
  • The average score is 57 of 159
Answers on the Map
Answers color-coded by a green-red scale on the quiz's map according to % correct below.
 
Answer Stats
Population City / Town % Correct
4 585 540 Melbourne
99%
180 240 Geelong
93%
105 350 Ballarat
91%
100 650 Bendigo
90%
38 050 Mildura
84%
49 860 Shepparton - Mooroopna
80%
42 700 Wodonga
79%
32 890 Warrnambool
77%
20 420 Echuca
76%
76 350 Melton
70%
14 100 Sale
70%
23 000 Torquay - Jan Juc
69%
27 630 Traralgon
68%
13 730 Bairnsdale
67%
16 290 Horsham
67%
10 870 Swan Hill
67%
15 760 Moe - Newborough
66%
7 020 Ararat
63%
22 040 Ocean Grove - Barwon Heads
63%
10 450 Portland
63%
38 010 Sunbury
62%
19 710 Wangaratta
62%
5 270 Point Lonsdale - Queenscliff
61%
21 690 Bacchus Marsh
60%
12 350 Colac
60%
6 530 Lakes Entrance
60%
1 250 Lorne
60%
6 800 Cowes
59%
19 130 Warragul
57%
6 020 Seymour
56%
15 770 Lara
55%
14 070 Morwell
55%
3 420 Port Fairy
52%
3 190 Anglesea
51%
10 580 Castlemaine
51%
1 490 Apollo Bay
48%
9 580 Hamilton
48%
5 150 Kyneton
48%
14 740 Wallan
48%
5 620 Leongatha
47%
9 740 Benalla
46%
11 000 Gisborne
46%
7 770 Maryborough
46%
2 020 Orbost
46%
2 480 Bright
45%
14 760 Drouin
45%
8 700 Healesville
44%
6 050 Inverloch
44%
5 630 Stawell
44%
8 430 Wonthaggi
43%
1 950 Nhill
42%
9 050 Portarlington - St Leonards
42%
1 120 Mallacoota
41%
2 880 Camperdown
40%
1 660 San Remo
40%
3 840 Trafalgar
40%
10 970 Yarrawonga
40%
3 730 Daylesford - Hepburn Springs
39%
8 790 Kilmore
39%
4 000 Mansfield
39%
4 660 Woodend
39%
2 610 Ballan
38%
2 930 Macedon
38%
3 340 Koo Wee Rup
37%
3 290 Beechworth
36%
3 120 Euroa
36%
1 640 Garfield
36%
3 700 Kerang
36%
1 910 Warburton
35%
1 170 Beaufort
34%
16 200 Drysdale - Clifton Springs
34%
3 505 Paynesville
34%
2 790 Creswick
33%
3 070 Red Cliffs
33%
2 020 Terang
33%
5 500 Whittlesea
33%
1 280 Yea
33%
12 320 Leopold
32%
5 390 Cobram
31%
2 030 Winchelsea
31%
1 390 Yarragon
31%
6 180 Bannockburn
30%
3 870 Korumburra
30%
4 550 Maffra
30%
1 020 Ouyen
30%
2 800 Rochester
30%
2 420 Yarra Glen
30%
1 840 Heathcote
29%
1 250 Rosedale
29%
4 080 Broadford
28%
2 710 Bunyip
28%
4 680 Churchill
28%
6 010 Kyabram
28%
2 190 Stratford
28%
1 740 Yarram
28%
1 400 Aireys Inlet - Fairhaven
27%
2 440 Robinvale
27%
2 130 St Arnaud
27%
5 010 Diggers Rest
26%
1 320 Dimboola
26%
1 710 Koroit
26%
1 920 Longwarry
25%
1 230 Gembrook
24%
1 330 Heywood
24%
1 250 Kinglake
24%
2 850 Myrtleford
24%
2 040 Nagambie
24%
3 570 Riddells Creek
24%
4 930 Romsey
24%
2 480 Alexandra
23%
2 320 Ruther Glen
23%
2 230 Warracknabeal
23%
3 280 Yarra Junction - Wesburn
23%
1 340 Casterton
22%
1 380 Donald
22%
1 310 Foster
22%
1 200 Tooradin
22%
1 210 Chiltern
21%
1 500 Cobden
21%
1 530 Heyfield
21%
1 690 Lancefield
21%
2 150 Lang Lang
21%
1 710 Wandong - Heathcote Junction
21%
4 160 Beveridge
20%
2 250 Mt Beauty - Tawonga
20%
1 130 Avoca
19%
1 920 Seville
19%
1 190 Corryong
18%
1 020 Loch Sport
18%
1 380 Maldon
18%
1 750 Mirboo North
18%
1 150 Mortlake
18%
1 020 Tallangatta
18%
2 300 Cape Woolamai
17%
1 870 Cohuna
17%
4 200 Woori Yallock - Launching Place
17%
1 110 Yallourn North
17%
2 530 Balnarring - Balnarring Beach
16%
2 080 Merbein
16%
1 610 Metung
16%
4 260 Tatura
16%
2 830 Eynesbury
15%
3 810 Numurkah
15%
1 110 Yackandandah
14%
1 080 Neerim South
13%
1 230 Blind Bight
12%
1 070 Corinella
12%
1 360 Grantville
12%
1 110 Coronet Bay
11%
1 530 Nathalia
10%
2 240 Teesdale
10%
2 270 Beaconsfield Upper
9%
1 540 Wonga Park
9%
1 140 Batesford
8%
1 030 Wurruk
8%
1 950 Baranduda
7%
1 510 Marong
7%
1 580 Millgrove
7%
1 330 Tongala
6%
No matching quizzes found
Score Distribution
Percent of People with Each Score
Percentile by Number Answered
Your Score History
You have not taken this quiz